00929nam a22002297a 4500999001700000003000900017008004100026040007100067082002500138100002100163245002500184260004500209300004400254505016100298650002800459650003000487650001800517700004100535942001600576945000900592952009800601 c10431d10431AR-CdUCM190401b ||||| |||| 00| 0 esa d aMUNICIPALIDAD PROVINCIAL DEL CUSCOcBIBLIOTECA MUNICIPAL DEL CUSCO 26edaEP / 800 /bL75 aLobato, Monteiro aMemorias de Emilia / aBuenos Aires :bEditorial Losada,c1957. a152 páginas ;bIlustraciones,c19 cm. aContenido: Emilia resuelve escribir sus memorias -- El vizconde comienza a trabajar para Emilia -- La historia del angelito se extiende por todo el mundo... aCuentos populares93184 aLiteratura escolar926679 aMemorias9235 aSosa, J. M. de (traducción)927284 2ddccLIBROS adavv 002ddc4070aSIbSIcCARTd2019-04-01g25.00oEP / 800 / L75pSI00000598r2019-04-01yLIBROS